| 000 | 00354nam a2200145Ia 4500 | ||
|---|---|---|---|
| 008 | 230312s9999||||xx |||||||||||||| ||und|| | ||
| 020 | _a1-118-45747-4 | ||
| 082 |
_a658.827 _bONA-D |
||
| 100 | _aOnaindia;Carlos,Martinez | ||
| 245 | 0 | _aDesigning B2B Brands | |
| 260 |
_bDeloitte _aCanada _c2013 |
||
| 300 | _a209 | ||
| 650 | _aArchitecture | ||
| 942 | _cBK | ||
| 999 |
_c11968 _d11968 |
||